International marketing strategy :analysis, development, and implementation / (Record no. 2551)

000 -LEADER
fixed length control field 01009cam a2200289 a 4500
001 - CONTROL NUMBER
control field 2068883
003 - CONTROL NUMBER IDENTIFIER
control field OSt
005 - DATE AND TIME OF LATEST TRANSACTION
control field 20160727160903.0
008 - FIXED-LENGTH DATA ELEMENTS--GENERAL INFORMATION
fixed length control field 940524s1994 enka b 001 0 eng
010 ## - LIBRARY OF CONGRESS CONTROL NUMBER
LC control number 94020949
020 ## - INTERNATIONAL STANDARD BOOK NUMBER
International Standard Book Number 9781861527721
040 ## - CATALOGING SOURCE
Original cataloging agency DLC
Transcribing agency DLC
Modifying agency DLC
050 00 - LIBRARY OF CONGRESS CALL NUMBER
Classification number HF1416.D66 2001
082 00 - DEWEY DECIMAL CLASSIFICATION NUMBER
Classification number 658.8/48
Edition number 20
100 ## - MAIN ENTRY--PERSONAL NAME
Personal name Doole, Isobel
245 10 - TITLE STATEMENT
Title International marketing strategy :analysis, development, and implementation /
Statement of responsibility, etc Isobel Doole, and Robin Lowe.
250 ## - EDITION STATEMENT
Edition statement 3rd ed.
260 ## - PUBLICATION, DISTRIBUTION, ETC. (IMPRINT)
Place of publication, distribution, etc London ;
-- New York :
Name of publisher, distributor, etc Routledge,
Date of publication, distribution, etc 2001.
300 ## - PHYSICAL DESCRIPTION
Extent xx, 508 p. :
Other physical details ill. ;
Dimensions 26 cm.
504 ## - BIBLIOGRAPHY, ETC. NOTE
Bibliography, etc Includes bibliographical references and index.
650 #0 - SUBJECT ADDED ENTRY--TOPICAL TERM
Topical term or geographic name as entry element Export marketing
General subdivision Management.
650 #0 - SUBJECT ADDED ENTRY--TOPICAL TERM
Topical term or geographic name as entry element Export marketing
General subdivision Management
-- Case studies.
700 1# - ADDED ENTRY--PERSONAL NAME
Personal name Lowe, Robin,
Dates associated with a name 1945-
906 ## - LOCAL DATA ELEMENT F, LDF (RLIN)
a 7
b cbc
c orignew
d 1
e ocip
f 19
g y-gencatlg
942 ## - ADDED ENTRY ELEMENTS (KOHA)
Source of classification or shelving scheme
Koha item type Book
Holdings
Withdrawn status Lost status Source of classification or shelving scheme Damaged status Not for loan Home library Current library Shelving location Date acquired Total Checkouts Full call number Barcode Date last seen Copy number Price effective from Koha item type
          Riara University Library Riara University Library General stack 27/07/2016   HF1416.D66 2001 7916/16 27/07/2016 C.1 27/07/2016 Book

Riara University Library,
P.O. Box 49940-00100,
Nairobi, Kenya.